Normal view
MARC view
Entry Meeting Name
001 - CONTROL NUMBER
- control field: 350258
003 - CONTROL NUMBER IDENTIFIER
- control field: OSt
005 - DATE AND TIME OF LATEST TRANSACTION
- control field: 20220926045500.0
008 - FIXED-LENGTH DATA ELEMENTS
- fixed length control field: 220926|| aca||aabn | a|a d
040 ## - CATALOGING SOURCE
- Original cataloging agency: OSt
- Transcribing agency: OSt
111 ## - HEADING--MEETING NAME
- Meeting name or jurisdiction name as entry element: India, Lok Sabha (3rd) Estimate Committee (1966-67)
670 ## - SOURCE DATA FOUND
- Source citation: Work cat.: (OSt)677708: India, Lok Sabha (3rd) Estimate Committee (1966-67), 85 Report, 1966
